Le calendrier révolutionnaire en images... - Statistiques

Statistiques générales
  • Ce quiz a été pris 34 fois
  • Le résultat moyen est 8 sur 12
Statistiques - réponses
Par images Réponse % Correct
Brumaire
73%
Vendémiaire
73%
Fructidor
70%
Germinal
70%
Thermidor
70%
Nivôse
67%
Pluviôse
67%
Ventôse
67%
Floréal
63%
Prairial
57%
Frimaire
53%
Messidor
43%
Aucun quiz correspondant
Distribution des résultats
% des personnes avec chaque résultat
Percentile par nombre de réponses
Votre historique - résultats
Vous n’avez pas pris ce quiz